[Event "TCh-RUS Women 2025"]
[Site "Sochi RUS"]
[Date "2025.04.26"]
[Round "1.3"]
[White "Gritsayeva, Oksana"]
[Black "Ivashentseva, Dominika"]
[Result "1/2-1/2"]
[WhiteTitle "WFM"]
[BlackTitle "WCM"]
[WhiteElo "2161"]
[BlackElo "1921"]
[WhiteTeam "Kimmeriya (Respublika Krym)"]
[BlackTeam "DYuSSh im. M.M. Botvinnika (g. Moskva)"]
[WhiteFideId "14104652"]
[BlackFideId "34331050"]
[EventDate "2025.04.26"]

1. e4 c5 2. Nf3 Nc6 3. Bb5 g6 4. Bxc6 bxc6 5. O-O Bg7 6. Re1 Nh6 7. c3 O-O 8. d4
cxd4 9. cxd4 d5 10. e5 f6 11. e6 Qd6 12. Qe2 c5 13. dxc5 Qxc5 14. Nbd2 Bb7 15.
Nb3 Qc4 16. Be3 Nf5 17. Nc5 Bc6 18. b3 Qxe2 19. Rxe2 Bb5 20. Rc2 Nxe3 21. fxe3
Rac8 22. Rac1 f5 23. g3 Rfd8 24. Nd4 Bxd4 25. exd4 Rd6 26. h4 Kg7 27. a4 Be8 28.
Kf2 Rb8 29. Ke3 Rb4 30. Kd3 a5 31. Re2 h5 32. Re5 Bc6 33. Ke3 Be8 34. Rc3 Rbb6
35. Kd2 Rb4 36. Rd3 Kh6 37. Kc3 Kg7 38. Rf3 Rb8 39. Rf4 Kh6 40. Kb2 Kg7 41. Re3
Rb4 42. Rc3 Rb8 43. Rff3 Rb4 44. Rf4 Rb8 45. Ka3 Kh6 46. Rc2 Kg7 47. Kb2 Kh6 48.
Kc3 Kg7 49. Rb2 Rb4 50. Rf3 Kh6 51. Rc2 Kg7 52. Rf1 Kh6 53. Rb1 Kg7 54. Rbc1 Rb8
55. Kb2 Kh6 56. Ka3 Kg7 57. Rd2 Kh6 58. Rdc2 Kg7 59. Rc3 Kh6 60. Re3 Rbb6 61.
Nd3 Rxe6 62. Rxe6 Rxe6 63. Ne5 g5 64. Rc5 gxh4 65. gxh4 f4 66. Kb2 Rf6 67. Rc2
Bg6 68. Rf2 Be4 69. b4 axb4 70. Kb3 f3 71. a5 Rf4 72. a6 Rf6 73. a7 Ra6 74. Ra2
Rxa2 75. Kxa2 f2 76. a8=Q f1=Q 77. Qh8+ Bh7 78. Kb3 Qb1+ 79. Ka4 Qf5 80. Kxb4
Qf6 81. Qd8 Qd6+ 82. Qxd6+ exd6 83. Nf7+ Kg7 84. Nxd6 Kf6 85. Kc5 Bg8 86. Ne8+
Kf5 87. Kd6 Bf7 88. Nc7 Kg4 89. Nxd5 Kxh4 90. Nf6 Kg5 91. Nxh5 Kxh5 1/2-1/2

[Event "TCh-RUS Women 2025"]
[Site "Sochi RUS"]
[Date "2025.04.26"]
[Round "1.4"]
[White "Kusakina, Uliana"]
[Black "Kamenskaya, Marina"]
[Result "1-0"]
[WhiteTitle "WCM"]
[WhiteElo "1792"]
[BlackElo "1948"]
[WhiteTeam "DYuSSh im. M.M. Botvinnika (g. Moskva)"]
[BlackTeam "Kimmeriya (Respublika Krym)"]
[WhiteFideId "24276103"]
[BlackFideId "34277374"]
[EventDate "2025.04.26"]

1. e4 e5 2. Nf3 Nc6 3. Bb5 Nf6 4. d3 Bc5 5. c3 O-O 6. O-O d6 7. h3 h6 8. Nbd2 a6
9. Ba4 Ba7 10. Re1 Nh5 11. d4 Nf4 12. Bxc6 bxc6 13. Nc4 Be6 14. Bxf4 exf4 15. d5
cxd5 16. exd5 Bd7 17. Qd2 Qf6 18. Re4 Bxh3 19. Qxf4 Bf5 20. Ree1 g5 21. Qd2 Rfe8
22. Nd4 Be4 23. Ne3 h5 24. Nc6 Bb6 25. b4 Qf4 26. Nd4 h4 27. Rad1 h3 28. g3 Qf6
29. Ng4 Qg6 30. c4 f5 31. Nh2 f4 32. g4 Re5 33. Qc3 Bxd4 34. Qxd4 Rae8 35. Qc3
Bg2 36. a3 Qc2 37. Qxc2 Rxe1+ 38. Nf1 Bxf1 39. Qg6+ Kf8 40. Qf6+ Kg8 41. Qxg5+
Kh7 42. Rxe1 Rxe1 43. Kh2 Bg2 44. Qxf4 Rh1+ 45. Kg3 Rg1 46. Qf7+ Kh8 47. Kf4 Re1
48. Kg5 h2 49. Kf6 1-0